00517pab a2200169 454500008004000000100002200040245006300062260000900125300001300134362001000147650001800157773003400175908000600209909001000215999001700225952010500242180718b2009 xxu||||| |||| 00| 0 eng d aDeshpande, Satish aThe practice of social theory and the politics of location c2009 ap.40-45. a7 Mar aGlobalization aEconomic and Political Weekly aN a81651 c81651d81651 00104070aIIPAbIIPAd2018-07-19hVolume no: 44, Issue no: 10pAR82111r2018-07-19w2018-07-19yAR